Pornofumetto gay n.1
Salvato in:
| Autore principale: | |
|---|---|
| Natura: | Libro |
| Lingua: | inglese |
| Tags: |
Nessun Tag, puoi essere il primo ad aggiungerne!!
|
MARC
| LEADER | 00000nam a2200000 4500 | ||
|---|---|---|---|
| 005 | 20240724162726.0 | ||
| 008 | 240724b |||||||| |||| 00| 0 eng d | ||
| 040 | |c GP | ||
| 100 | |a Doppio senso | ||
| 245 | |a Pornofumetto gay n.1 | ||
| 942 | |2 ddc |c BK |n 0 | ||
| 952 | |0 0 |1 0 |2 ddc |4 0 |6 741_500000000000000_DOP |7 1 |9 1679 |a RM |b RM |d 2024-07-24 |l 0 |o 741.5 DOP |p 199 |r 2024-07-24 16:27:45 |w 2024-07-24 |y BK | ||
| 999 | |c 1492 |d 1492 | ||